ARRUPE JESUIT UNIVERSITY

CORONAVIRUS -STOP THE SPREAD - CLEAN,DISINFECT,COVER

Whiteness in Zimbabwe : (Record no. 124630)

MARC details
000 -LEADER
fixed length control field 01815cam a2200445 a 4500
001 - CONTROL NUMBER
control field 15814157
003 - CONTROL NUMBER IDENTIFIER
control field ARRUPE
005 - DATE AND TIME OF LATEST TRANSACTION
control field 20160415091915.0
008 - FIXED-LENGTH DATA ELEMENTS--GENERAL INFORMATION
fixed length control field 090713s2010 nyuab b 001 0 eng
010 ## - LIBRARY OF CONGRESS CONTROL NUMBER
LC control number 2009028485
015 ## - NATIONAL BIBLIOGRAPHY NUMBER
National bibliography number GBB011558
Source bnb
016 7# - NATIONAL BIBLIOGRAPHIC AGENCY CONTROL NUMBER
Record control number 015478517
Source Uk
020 ## - INTERNATIONAL STANDARD BOOK NUMBER
International Standard Book Number 9780230621428 (hardcover)
020 ## - INTERNATIONAL STANDARD BOOK NUMBER
International Standard Book Number 0230621422 (hardcover)
020 ## - INTERNATIONAL STANDARD BOOK NUMBER
International Standard Book Number 9780230621435 (pbk.)
020 ## - INTERNATIONAL STANDARD BOOK NUMBER
International Standard Book Number 0230621430 (pbk.)
035 ## - SYSTEM CONTROL NUMBER
System control number (OCoLC)ocn426147334
040 ## - CATALOGING SOURCE
Original cataloging agency DLC
Transcribing agency DLC
Modifying agency YDX
-- CDX
-- YDXCP
-- UAB
-- BWX
-- TOZ
-- UKM
-- DLC
043 ## - GEOGRAPHIC AREA CODE
Geographic area code f-rh---
050 00 - LIBRARY OF CONGRESS CALL NUMBER
Classification number DT2913.E87
Item number H84 2010
082 00 - DEWEY DECIMAL CLASSIFICATION NUMBER
Classification number 305.809/06891
Edition number 22
300 ## - PHYSICAL DESCRIPTION
Other physical details ill., maps ;
Dimensions 22 cm.
100 1# - MAIN ENTRY--PERSONAL NAME
Personal name Hughes, David McDermott.
9 (RLIN) 23869
245 10 - TITLE STATEMENT
Title Whiteness in Zimbabwe :
Remainder of title race, landscape, and the problem of belonging /
Statement of responsibility, etc David McDermott Hughes.
250 ## - EDITION STATEMENT
Edition statement 1st ed.
260 ## - PUBLICATION, DISTRIBUTION, ETC. (IMPRINT)
Place of publication, distribution, etc New York :
Name of publisher, distributor, etc Palgrave Macmillan,
Date of publication, distribution, etc 2010.
300 ## - PHYSICAL DESCRIPTION
Extent xx, 204 p. :
504 ## - BIBLIOGRAPHY, ETC. NOTE
Bibliography, etc Includes bibliographical references and index.
505 00 - FORMATTED CONTENTS NOTE
Title The art of belonging --
-- Engineering and its redemption --
-- Owning Lake Kariba --
-- Hydrology of hope --
-- Playing the game --
-- Belonging awkwardly.
650 #0 - SUBJECT ADDED ENTRY--TOPICAL TERM
Topical term or geographic name as entry element Whites
Geographic subdivision Zimbabwe
General subdivision History.
9 (RLIN) 23870
650 #0 - SUBJECT ADDED ENTRY--TOPICAL TERM
Topical term or geographic name as entry element Whites
Geographic subdivision Zimbabwe
General subdivision Social conditions.
-- History
9 (RLIN) 23871
650 #0 - SUBJECT ADDED ENTRY--TOPICAL TERM
Topical term or geographic name as entry element Whites
General subdivision Race identity
Geographic subdivision Zimbabwe
General subdivision History.
9 (RLIN) 23872
650 #0 - SUBJECT ADDED ENTRY--TOPICAL TERM
Topical term or geographic name as entry element Land settlement
General subdivision Social aspects
Geographic subdivision Zimbabwe.
9 (RLIN) 23873
650 #0 - SUBJECT ADDED ENTRY--TOPICAL TERM
Topical term or geographic name as entry element Land tenure
General subdivision Social aspects
Geographic subdivision Zimbabwe.
9 (RLIN) 23874
650 #0 - SUBJECT ADDED ENTRY--TOPICAL TERM
Topical term or geographic name as entry element Group identity
Geographic subdivision Zimbabwe
General subdivision History.
9 (RLIN) 23875
650 #0 - SUBJECT ADDED ENTRY--TOPICAL TERM
Topical term or geographic name as entry element Social isolation
Geographic subdivision Zimbabwe
General subdivision History.
9 (RLIN) 23876
651 #0 - SUBJECT ADDED ENTRY--GEOGRAPHIC NAME
Geographic name Zimbabwe
General subdivision Race relations
-- History.
9 (RLIN) 13673
906 ## - LOCAL DATA ELEMENT F, LDF (RLIN)
a 7
b cbc
c orignew
d 1
e ecip
f 20
g y-gencatlg
942 ## - ADDED ENTRY ELEMENTS (KOHA)
Source of classification or shelving scheme Library of Congress Classification
Koha item type Monograph ( Printed materials)
Holdings
Withdrawn status Lost status Source of classification or shelving scheme Damaged status Not for loan Collection code Home library Current library Shelving location Date acquired Total Checkouts Full call number Barcode Date last seen Date checked out Price effective from Koha item type
    Library of Congress Classification     Main Collection ARRUPE LIBRARY ARRUPE LIBRARY Main Collection 15/04/2016 3 DT2913.E87 H84 2010 46500006849 03/10/2018 20/09/2018 15/04/2016 Monograph ( Printed materials)
    Library of Congress Classification     Main Collection ARRUPE LIBRARY ARRUPE LIBRARY Main Collection 22/11/2016   DT2913.E87 H84 2010 46500010500 07/12/2017   22/11/2016 Monograph ( Printed materials)

 

Arrupe Library. PO Box MP320 Mt Pleasant, Harare, Zimbabwe
263 242 745411|librarian@aju.ac.zw